Måneskin -TIMEZONE (all lyrics) - Statistics

General Stats
  • This quiz has been taken 37 times
  • The average score is 213 of 248
Answer Stats
Hint Answer % Correct
be
100%
I
100%
you
100%
a
96%
apart
96%
different
96%
I'm
96%
is
96%
it
96%
keep
96%
like
96%
my
96%
no
96%
that
96%
the
96%
time
96%
timezone
96%
us
96%
your
96%
Verse 1 You're
96%
you're
96%
and
92%
fuck
92%
keeps
92%
miles
92%
thing
92%
thousand
92%
to
92%
better
88%
but
88%
clothes
88%
dog
88%
every
88%
mad
88%
old
88%
Chorus Only
88%
only
88%
running
88%
so
88%
Outro So
88%
this
88%
wear
88%
wearing
88%
fame
84%
has
84%
meaning
84%
seven
84%
what
84%
face
80%
home
80%
not
80%
see
80%
coming
76%
dreaming
76%
friend
76%
know
76%
losing
76%
mind
76%
of
76%
plane
76%
should
76%
take
76%
talking
76%
tell
76%
call
72%
don't
72%
fucking
72%
gonna
72%
got
72%
I've
72%
jealous
72%
just
72%
sleeping
72%
Verse 2 Tomorrow
72%
tonight
72%
about
68%
double
68%
for
68%
hour
68%
mine
68%
tickets
68%
wall
68%
where
68%
can
64%
give
64%
moon
64%
signed
64%
supposed
64%
another
60%
contracts
60%
fly
60%
instead
60%
love
60%
now
60%
say
60%
shit
60%
straight
60%
they
60%
whatever
60%
wish
60%
he's
56%
making
52%
we'll
52%
could've
48%
paid
48%
stayed
48%
'til
48%
No matching quizzes found
Score Distribution
Percent of People with Each Score
Percentile by Number Answered
Your Score History
You have not taken this quiz